00447 a2200169 450000100060000002000150000604000240002110000210004524000210006624500160008730000100010336200090011365000260012294200070014895201050015599900170026047280 a8516017834 cAnchieta - Aquarius aBoccanera, Silio10a=Jogo duplolpor10a=Jogo duplo a221p.0 a2014 4aLiteratura brasileira cBK 00104070a87.1b87.1d2023-11-21l0o869.93 BOC JOGp5823/AQUr2023-11-21 15:14:07w2023-11-21yBK c47280d47280